| 000 | 01943nam a2200409 c 4500 | ||
|---|---|---|---|
| 003 | BLK | ||
| 005 | 20250128005513.0 | ||
| 008 | 180410b bul|||||r ||||||| ||bul|| | ||
| 010 | _aKNG00152303000 | ||
| 020 |
_a978-954-07-3349-4 _bиздат.: Унив. изд. Св. Климент Охридски |
||
| 040 | _aBLK | ||
| 041 |
_aBUL _cBUL |
||
| 072 | 7 |
_2bullib _aН32 _xПолитика Н |
|
| 080 |
_aВътрешна политика. Вж и 329 _b323 _x(497.2)(063) _z323(497.2)(063) |
||
| 700 | 1 |
_aФризон-Рош, Франсоа _eсъстав. _9329029 |
|
| 139 |
_aКръглата маса от 1990 г.: Основополагащ акт на българската демокрация? _bК 92 |
||
| 245 | 1 | 0 |
_aКръглата маса от 1990 г.: Основополагащ акт на българската демокрация? _bДокл. и изказвания на Междунар. колоквиум 10-11 май 2010 _cсъстав. Франсоа Фризон-Рош. |
| 246 | 1 | 1 | _aLa Table ronde nationale de 1990. Acte fondateur de la democratie bulgare? |
| 257 | _aBGR | ||
| 260 |
_аСофия _bУнив. изд. Св. Климент Охридски _c2012 |
||
| 300 |
_a172 с. _bс ил., портр. _c24 см |
||
| 380 | _a3 | ||
| 500 | _aБиблиогр. под линия | ||
| 650 | 4 |
_aПреход от тоталитаризъм към демокрация - България _9245662 |
|
| 650 | 0 |
_aБългария - вътрешна политика _9241559 |
|
| 651 | 4 |
_aБългария _9241624 |
|
| 653 | _aкомунистическа идеология | ||
| 653 | _aдемокрация | ||
| 653 | _aкръгла маса | ||
| 659 | _aН | ||
| 852 | _aЦб 266030 | ||
| 856 | 4 |
_qpdf _u |
|
| 856 | 4 |
_qpdf _u |
|
| 942 |
_cKNG _n0 |
||
| 944 |
_aCR _c23.10.2013 _k _lCRON CRON |
||
| 944 |
_aED _c30.05.2016 _kПенка_Димитрова |
||
| 999 |
_c146117 _d146117 |
||